[Event "NRW 2-Schleswig Holstein 1"]
[Site "Gladenbach"]
[Date "2011.09.17"]
[Round "7.4"]
[White "Groß, Werner"]
[Black "Gehrmann, Rudolf-Rainer"]
[Result "0-1"]
[WhiteElo "2095"]
[BlackElo "1905"]
[PlyCount "198"]
[EventDate "2011.??.??"]
[WhiteTeam "NRW 2"]
[BlackTeam "Schleswig Holstein 1"]

1. c4 Nf6 2. Nc3 c5 3. g3 g6 4. Bg2 Bg7 5. e3 O-O 6. Nge2 Nc6 7. d4 cxd4 8.
exd4 d6 9. O-O a6 10. a3 Na5 11. b3 Rb8 12. h3 b5 13. cxb5 axb5 14. b4 Nc4 15.
d5 Bd7 16. Nd4 Qb6 17. Re1 Rfe8 18. Be3 Ra8 19. Qd3 Qb7 20. Bc1 Qb6 21. Rd1 Ra7
22. a4 Ne5 23. Qe2 bxa4 24. b5 Rea8 25. Be3 Qa5 26. Nc6 Qxc3 27. Nxa7 Qc4 28.
Qxc4 Nxc4 29. Bd4 Bf5 30. Rdc1 Nd2 31. Bxf6 Rxa7 32. Bxg7 Kxg7 33. Rc6 Nb3 34.
Ra3 Nc5 35. Rb6 Bc2 36. Bf1 Bb3 37. Bg2 Kf6 38. f4 Ra5 39. Rb8 Bc4 40. b6 Rb5
41. Re3 Rb3 42. Re1 Rxg3 43. Kf2 Rb3 44. Ra1 a3 45. Ra8 Rb2+ 46. Kg1 a2 47. Bf1
Bxf1 48. Rxf1 Rxb6 49. Rxa2 Rb3 50. Ra7 Rxh3 51. Re1 e6 52. Kg2 Rd3 53. dxe6
Nxe6 54. Re4 Kf5 55. Rc4 Nxf4+ 56. Kf2 f6 57. Rxh7 g5 58. Rg7 g4 59. Ra4 Rf3+
60. Kg1 g3 61. Ra2 Rb3 62. Ra5+ d5 63. Ra1 Rb2 64. Rf1 g2 65. Rf3 Rb1+ 66. Kf2
Rf1+ 67. Ke3 g1=Q+ 68. Rxg1 Rxg1 69. Rxf4+ Ke5 70. Ra4 Rg3+ 71. Kf2 Rh3 72. Ke2
f5 73. Rb4 d4 74. Rb8 Re3+ 75. Kd2 Ke4 76. Rh8 f4 77. Re8+ Kf3 78. Rd8 d3 79.
Rf8 Re7 80. Kxd3 Rd7+ 81. Kc3 Ke3 82. Re8+ Kf2 83. Rf8 f3 84. Rg8 Kf1 85. Rf8
f2 86. Rf6 Re7 87. Kd2 Re4 88. Rf8 Kg2 89. Rg8+ Kf3 90. Rf8+ Kg2 91. Rg8+ Kf1
92. Rg7 Rd4+ 93. Ke3 Ke1 94. Kxd4 f1=Q 95. Re7+ Kd2 96. Re4 Qf2+ 97. Kc4 Qf7+
98. Kd4 Qd7+ 99. Kc4 Qd3+ 0-1

[Event "Sachsen Anhalt 1-Sachsen"]
[Site "Gladenbach"]
[Date "2011.09.17"]
[Round "7.1"]
[White "Bodach, Hans"]
[Black "Liebert, Heinz"]
[Result "1/2-1/2"]
[WhiteElo "2113"]
[BlackElo "2163"]
[PlyCount "21"]
[EventDate "2011.??.??"]
[WhiteTeam "Sachsen"]
[BlackTeam "Sachsen Anhalt 1"]

1. e4 Nf6 2. e5 Nd5 3. Bc4 Nb6 4. Be2 d6 5. exd6 exd6 6. Nf3 Be7 7. O-O O-O 8.
d4 Bg4 9. h3 Bxf3 10. Bxf3 d5 11. Bf4 1/2-1/2

[Event "Sachsen Anhalt 1-Sachsen"]
[Site "Gladenbach"]
[Date "2011.09.17"]
[Round "7.3"]
[White "Weidlich, Günter"]
[Black "Csulits, Anton"]
[Result "1-0"]
[WhiteElo "2110"]
[BlackElo "2051"]
[PlyCount "71"]
[EventDate "2011.??.??"]
[WhiteTeam "Sachsen"]
[BlackTeam "Sachsen Anhalt 1"]

1. d4 Nf6 2. Nf3 d5 3. c4 c6 4. Nc3 e6 5. Bg5 Be7 6. e3 Nbd7 7. Qc2 Nf8 8. Ne5
Ng6 9. Nxg6 hxg6 10. O-O-O Nd7 11. Bxe7 Qxe7 12. e4 O-O 13. cxd5 exd5 14. exd5
Nb6 15. dxc6 Bf5 16. Bd3 Qg5+ 17. Kb1 Bxd3 18. Qxd3 Qxg2 19. cxb7 Qxb7 20. Ka1
Rab8 21. Qe4 Nc4 22. Qxb7 Rxb7 23. b3 Nd6 24. Rd3 Rc8 25. Rhd1 f6 26. Re1 Kf7
27. Re2 g5 28. h3 Rbc7 29. Kb2 Nf5 30. d5 Nd6 31. Re6 Rd7 32. Ne4 Nxe4 33. Rxe4
Rc5 34. Red4 Ke7 35. b4 Rcc7 36. d6+ 1-0

[Event "Sachsen Anhalt 1-Sachsen"]
[Site "Gladenbach"]
[Date "2011.09.17"]
[Round "7.4"]
[White "Werchan, Hans"]
[Black "Lenk, Wolfgang"]
[Result "1/2-1/2"]
[WhiteElo "2019"]
[BlackElo "2071"]
[PlyCount "35"]
[EventDate "2011.??.??"]
[WhiteTeam "Sachsen Anhalt 1"]
[BlackTeam "Sachsen"]

1. Nf3 g6 2. c4 Bg7 3. Nc3 Nf6 4. g3 O-O 5. Bg2 d6 6. O-O Nc6 7. d3 e5 8. Bg5
h6 9. Bd2 Be6 10. a3 Qd7 11. Rb1 Bh3 12. e3 Bxg2 13. Kxg2 Ne7 14. e4 Nh5 15.
Nh4 Kh7 16. h3 c6 17. Kh2 d5 18. Qe2 1/2-1/2

[Event "Baden 2-Württemberg 2"]
[Site "Gladenbach"]
[Date "2011.09.17"]
[Round "7.1"]
[White "Häcker, Johannes"]
[Black "Villing, Dieter"]
[Result "0-1"]
[WhiteElo "2074"]
[BlackElo "2056"]
[PlyCount "110"]
[EventDate "2011.??.??"]
[WhiteTeam "Württemberg 2"]
[BlackTeam "Baden 2"]

1. d4 d6 2. g3 c6 3. c4 e5 4. Bg2 Nd7 5. e3 Ngf6 6. Ne2 Be7 7. O-O O-O 8. Nbc3
Re8 9. h3 Nf8 10. Qc2 Ng6 11. Bd2 Bf8 12. Rad1 Qc7 13. Bc1 h5 14. f4 exd4 15.
Nxd4 d5 16. cxd5 cxd5 17. Nxd5 Nxd5 18. Qxc7 Nxc7 19. Rd3 Na6 20. a3 Nc5 21.
Rdd1 Bd7 22. Kh2 Rac8 23. Rfe1 Ba4 24. Rd2 Ne4 25. Rde2 Bc5 26. b3 Bd7 27. Bb2
f5 28. Bf3 Ne7 29. Bxh5 g6 30. Bf3 Nc6 31. b4 Bf8 32. Bxe4 Rxe4 33. Nf3 Be7 34.
Nd2 Re6 35. e4 Nd8 36. Bd4 Bb5 37. Rf2 Nc6 38. Ba1 Rd8 39. e5 Rd3 40. Bb2 Bd8
41. Nb1 Bb6 42. Rd2 Rxd2+ 43. Nxd2 Bd4 44. Bxd4 Nxd4 45. Rc1 Rc6 46. Rxc6 Bxc6
47. g4 Ne2 48. gxf5 gxf5 49. Nc4 Kf7 50. b5 Be4 51. a4 Ke6 52. a5 Nxf4 53. h4
Nd3 54. h5 Nxe5 55. Nd2 Nf3+ 0-1

[Event "Baden 2-Württemberg 2"]
[Site "Gladenbach"]
[Date "2011.09.17"]
[Round "7.2"]
[White "Striebich, Rudolf"]
[Black "Franck, Rudolf"]
[Result "1/2-1/2"]
[WhiteElo "2036"]
[BlackElo "2084"]
[PlyCount "80"]
[EventDate "2011.??.??"]
[WhiteTeam "Baden 2"]
[BlackTeam "Württemberg 2"]

1. g3 d5 2. Nf3 c5 3. Bg2 Nc6 4. O-O e5 5. d3 g6 6. c4 dxc4 7. Qa4 Bd7 8. Qxc4
Be7 9. a3 Rc8 10. Qc2 f5 11. Nbd2 b5 12. b3 Nd4 13. Qd1 Bf6 14. Rb1 Ne7 15. Bb2
O-O 16. b4 cxb4 17. axb4 Be6 18. e3 Ndc6 19. Nb3 Nxb4 20. Bxe5 Nxd3 21. Bxf6
Rxf6 22. Nbd4 Bc4 23. Nxb5 Nc5 24. Qxd8+ Rxd8 25. Rfc1 Bd3 26. Rb2 Na4 27. Rd2
Nc6 28. Nbd4 Nb4 29. Ra1 Ra6 30. Ne5 Nc3 31. Rc1 Rxd4 32. Bf1 Bxf1 33. Rxd4
Ne2+ 34. Kxf1 Nxc1 35. Rxb4 Ra1 36. Kg2 a5 37. Rb8+ Kg7 38. Rb7+ Kf6 39. Nc6
Ra2 40. Ra7 Nb3 1/2-1/2

[Event "Baden 2-Württemberg 2"]
[Site "Gladenbach"]
[Date "2011.09.17"]
[Round "7.3"]
[White "Hoeschele, Hans-Ulrich"]
[Black "Sandmeier, Toni"]
[Result "0-1"]
[WhiteElo "2003"]
[BlackElo "2135"]
[PlyCount "114"]
[EventDate "2011.??.??"]
[WhiteTeam "Württemberg 2"]
[BlackTeam "Baden 2"]

1. d4 Nf6 2. Nf3 g6 3. Nbd2 Bg7 4. e4 O-O 5. Bd3 d6 6. c3 Nbd7 7. O-O e5 8. Re1
Nh5 9. Nf1 h6 10. dxe5 dxe5 11. Be3 Qe7 12. N3d2 Nf4 13. Bxf4 exf4 14. f3 Ne5
15. Bc2 Be6 16. Qe2 Rad8 17. Red1 g5 18. h3 h5 19. Nh2 c5 20. Nb3 Nc4 21. Rab1
Rxd1+ 22. Bxd1 Rd8 23. Nf1 b6 24. Bc2 Ne5 25. Rd1 g4 26. Rxd8+ Qxd8 27. hxg4
hxg4 28. Qd2 Qg5 29. fxg4 Nxg4 30. Bd1 Be5 31. Bf3 Ne3 32. Nh2 a5 33. Nc1 Qg3
34. Qf2 Qg5 35. a3 Qd8 36. Nf1 Qg5 37. Nd3 Bc7 38. Ne1 b5 39. Be2 c4 40. Nf3
Qh6 41. Qh4 Qxh4 42. Nxh4 Bb6 43. Nf3 Nd1+ 44. Kh1 Nxb2 45. N1d2 Na4 46. Nb1
Be3 47. Nd4 Bd7 48. Nc2 Bf2 49. Bf3 Kf8 50. Bd1 Ke7 51. Nd4 Nxc3 52. Nxc3 Bxd4
53. Nd5+ Kd6 54. Nxf4 Bb2 55. a4 bxa4 56. Bc2 a3 57. Bb1 Ba4 0-1

[Event "Baden 2-Württemberg 2"]
[Site "Gladenbach"]
[Date "2011.09.17"]
[Round "7.4"]
[White "Funk, Paul"]
[Black "Lainburg, Viktor"]
[Result "1/2-1/2"]
[WhiteElo "1940"]
[BlackElo "2000"]
[PlyCount "53"]
[EventDate "2011.??.??"]
[WhiteTeam "Baden 2"]
[BlackTeam "Württemberg 2"]

1. d4 d5 2. Nf3 c5 3. c3 e6 4. Bf4 Nc6 5. e3 Nf6 6. Nbd2 Be7 7. Bd3 O-O 8. Ne5
Bd7 9. O-O Be8 10. Qe2 Nxe5 11. Bxe5 Bc6 12. Qf3 Nd7 13. Qh3 f5 14. Nf3 c4 15.
Bc2 Nxe5 16. Nxe5 Be8 17. f4 Bf6 18. g4 Bxe5 19. fxe5 Bg6 20. gxf5 Qg5+ 21. Kh1
Bxf5 22. Bxf5 Rxf5 23. Rg1 Qe7 24. Rg3 Raf8 25. Rag1 g6 26. Qh6 Qg7 27. Qh3
1/2-1/2

[Event "Rheinlandpfalz-Sachsen Anhalt 2"]
[Site "Gladenbach"]
[Date "2011.09.17"]
[Round "7.1"]
[White "Hamm, Georg"]
[Black "Müller, Lutz"]
[Result "1/2-1/2"]
[WhiteElo "2022"]
[BlackElo "1908"]
[PlyCount "20"]
[EventDate "2011.??.??"]
[WhiteTeam "Sachsen Anhalt 2"]
[BlackTeam "Rheinlandpfalz"]

1. Nf3 Nf6 2. g3 g6 3. Bg2 Bg7 4. d3 O-O 5. c4 d5 6. Nbd2 Nc6 7. O-O h6 8. Rb1
a5 9. cxd5 Nxd5 10. Nc4 e5 1/2-1/2

[Event "Rheinlandpfalz-Sachsen Anhalt 2"]
[Site "Gladenbach"]
[Date "2011.09.17"]
[Round "7.3"]
[White "Kirmas, Joachim"]
[Black "Neumann, Horst"]
[Result "1/2-1/2"]
[WhiteElo "1957"]
[BlackElo "1764"]
[PlyCount "24"]
[EventDate "2011.??.??"]
[WhiteTeam "Sachsen Anhalt 2"]
[BlackTeam "Rheinlandpfalz"]

1. e4 c6 2. Nc3 d5 3. Nf3 Bg4 4. h3 Bxf3 5. Qxf3 e6 6. exd5 cxd5 7. d4 Nc6 8.
Ne2 Bd6 9. c3 Qf6 10. Qxf6 Nxf6 11. Be3 Ne4 12. Nf4 Rc8 1/2-1/2

[Event "Rheinlandpfalz-Sachsen Anhalt 2"]
[Site "Gladenbach"]
[Date "2011.09.17"]
[Round "7.4"]
[White "Baudner, Guntmar"]
[Black "Just, Joachim"]
[Result "1/2-1/2"]
[WhiteElo "1846"]
[BlackElo "1894"]
[PlyCount "35"]
[EventDate "2011.??.??"]
[WhiteTeam "Rheinlandpfalz"]
[BlackTeam "Sachsen Anhalt 2"]

1. d4 e6 2. c4 f5 3. Nf3 Nf6 4. Nc3 Bb4 5. Bd2 O-O 6. e3 b6 7. Be2 Bb7 8. O-O
Bxc3 9. Bxc3 d6 10. Rc1 Ne4 11. Nd2 Nd7 12. Nxe4 fxe4 13. d5 e5 14. f4 exf3 15.
Bxf3 Qg5 16. Qe2 a5 17. Be4 Nc5 18. Bb1 1/2-1/2

[Event "Hessen 2-Hessen 3"]
[Site "Gladenbach"]
[Date "2011.09.17"]
[Round "7.1"]
[White "Kripp, Wolfgang"]
[Black "Isserman, Ryhor"]
[Result "0-1"]
[WhiteElo "1963"]
[BlackElo "2251"]
[PlyCount "38"]
[EventDate "2011.??.??"]
[WhiteTeam "Hessen 3"]
[BlackTeam "Hessen 2"]

1. e4 g6 2. d4 Bg7 3. c3 d6 4. Nf3 Nf6 5. Bd3 O-O 6. O-O c5 7. dxc5 dxc5 8. Be3
Qc7 9. h3 b6 10. Qe2 Nc6 11. Nbd2 Nh5 12. g4 Nf4 13. Bxf4 Qxf4 14. Rfe1 h5 15.
gxh5 Bxh3 16. Kh1 Ne5 17. Nxe5 Bxe5 18. Nf3 Bg4 19. Kg2 Bxh5 0-1

[Event "Hessen 2-Hessen 3"]
[Site "Gladenbach"]
[Date "2011.09.17"]
[Round "7.2"]
[White "Zunker, Reinhard"]
[Black "Orwatsch, Gerhard"]
[Result "1/2-1/2"]
[WhiteElo "2019"]
[BlackElo "1991"]
[PlyCount "31"]
[EventDate "2011.??.??"]
[WhiteTeam "Hessen 2"]
[BlackTeam "Hessen 3"]

1. e4 c6 2. d4 Na6 3. Nc3 Nc7 4. Nf3 Nf6 5. Bd3 b6 6. Qe2 Bb7 7. O-O Qc8 8. Re1
Ba6 9. e5 Bxd3 10. Qxd3 Nfd5 11. Ne4 b5 12. Bd2 g6 13. b3 b4 14. a3 a5 15. Nfg5
h6 16. Nf3 1/2-1/2

[Event "Hessen 2-Hessen 3"]
[Site "Gladenbach"]
[Date "2011.09.17"]
[Round "7.3"]
[White "Biller, Helmut"]
[Black "Niebling, Ferdinand"]
[Result "0-1"]
[WhiteElo "1973"]
[BlackElo "2009"]
[PlyCount "110"]
[EventDate "2011.??.??"]
[WhiteTeam "Hessen 3"]
[BlackTeam "Hessen 2"]

1. d4 d5 2. c4 c6 3. Nf3 Nf6 4. Nc3 e6 5. e3 Nbd7 6. Bd3 Bd6 7. O-O O-O 8. h3
Qe7 9. Qc2 dxc4 10. Bxc4 e5 11. e4 exd4 12. Nxd4 Ne5 13. Bb3 Bc5 14. Be3 Bb6
15. f4 Ng6 16. Rfe1 Nxf4 17. Bxf4 Bxd4+ 18. Kh1 Be6 19. Bxe6 Qxe6 20. e5 Bxc3
21. bxc3 Nd5 22. Bg3 Rfe8 23. c4 Nb6 24. Rec1 Rad8 25. Rab1 Rd7 26. a4 Nxc4 27.
Rb4 Nxe5 28. Re1 f6 29. Qb2 b6 30. a5 bxa5 31. Rbe4 Rd5 32. Qb7 Qd7 33. Qxd7
Rxd7 34. Bxe5 Rde7 35. Rc4 Rxe5 36. Rxe5 fxe5 37. Rxc6 e4 38. Kg1 e3 39. Kf1
e2+ 40. Ke1 Kf7 41. Ra6 Re5 42. Rxa7+ Kf6 43. h4 h5 44. Ra6+ Kf5 45. Ra7 g6 46.
Rg7 Re4 47. Ra7 a4 48. Ra6 Rxh4 49. Kxe2 Rb4 50. Kf3 Rb3+ 51. Kf2 a3 52. g3 g5
53. Ra5+ Kg4 54. Ra4+ Kh3 55. Ra5 Rxg3 0-1

[Event "Hessen 2-Hessen 3"]
[Site "Gladenbach"]
[Date "2011.09.17"]
[Round "7.4"]
[White "Limberg, Siegfried"]
[Black "Schlag, Franz"]
[Result "1/2-1/2"]
[WhiteElo "2032"]
[BlackElo "1847"]
[PlyCount "43"]
[EventDate "2011.??.??"]
[WhiteTeam "Hessen 2"]
[BlackTeam "Hessen 3"]

1. d4 Nf6 2. Nf3 e6 3. Bg5 h6 4. Bh4 g5 5. Bg3 d6 6. h3 Bg7 7. Nbd2 b6 8. e3
O-O 9. c3 Bb7 10. Qc2 Nbd7 11. Be2 Re8 12. O-O Nf8 13. Rfe1 N6d7 14. Nh2 e5 15.
dxe5 Nxe5 16. Rad1 Nfg6 17. Bh5 Qe7 18. Nhf3 Rad8 19. Nd4 Qd7 20. N2f3 Nxf3+
21. Bxf3 Bxf3 22. Nxf3 1/2-1/2

[Event "Niedersachsen 2-Bremen"]
[Site "Gladenbach"]
[Date "2011.09.17"]
[Round "7.1"]
[White "Schoene, Armin"]
[Black "Hilburt, Leonid"]
[Result "0-1"]
[WhiteElo "2017"]
[BlackElo "1994"]
[PlyCount "98"]
[EventDate "2011.??.??"]
[WhiteTeam "Bremen"]
[BlackTeam "Niedersachsen 2"]

1. e4 e5 2. Nf3 Nc6 3. Bb5 a6 4. Ba4 Nf6 5. Qe2 b5 6. Bb3 Be7 7. O-O d6 8. c3
Na5 9. Bc2 c5 10. d3 Nc6 11. Re1 O-O 12. Nbd2 Re8 13. Nf1 Bf8 14. h3 h6 15. g4
g6 16. Ng3 Bg7 17. Kh2 d5 18. Be3 d4 19. cxd4 Nxd4 20. Nxd4 cxd4 21. Bd2 Be6
22. Rf1 Qd7 23. f4 exf4 24. Bxf4 h5 25. Bg5 Nh7 26. Bf4 hxg4 27. h4 Qe7 28. Kg2
Qxh4 29. Rh1 Qf6 30. Raf1 Ng5 31. e5 Qe7 32. Ne4 Nh3 33. Bg3 Bf5 34. Nf2 Qd7
35. Bb3 Bxe5 36. Bxe5 Nf4+ 37. Bxf4 Rxe2 38. Kg3 Qb7 39. Ne4 Rxe4 40. dxe4 Qxe4
41. Rh2 Qd3+ 42. Kf2 Re8 43. Kg1 Re2 44. Rd1 Qe4 45. Rxe2 Qxe2 46. Rf1 d3 47.
Rf2 Qe1+ 48. Rf1 d2 49. Bd1 Bd3 0-1

[Event "Niedersachsen 2-Bremen"]
[Site "Gladenbach"]
[Date "2011.09.17"]
[Round "7.3"]
[White "Pundt, Wilfried"]
[Black "Davydov, Mihail"]
[Result "1-0"]
[WhiteElo "1760"]
[BlackElo "1891"]
[PlyCount "107"]
[EventDate "2011.??.??"]
[WhiteTeam "Bremen"]
[BlackTeam "Niedersachsen 2"]

1. e4 d5 2. e5 c5 3. b4 Nc6 4. f4 Nxb4 5. c3 Nc6 6. d4 e6 7. Nf3 Nge7 8. Bd3 g6
9. Na3 Nf5 10. Nc2 Bd7 11. O-O Be7 12. Qe1 Rb8 13. g4 Nh4 14. Ng5 cxd4 15. cxd4
Nf5 16. gxf5 gxf5 17. Kh1 Na5 18. Qe2 Rc8 19. Rg1 h5 20. Qg2 Bxg5 21. fxg5 Rc3
22. g6 Rg8 23. Qd2 Rxd3 24. gxf7+ Kxf7 25. Qxd3 Rxg1+ 26. Kxg1 Nc4 27. Qf3 Qh4
28. Bf4 Ba4 29. Nb4 a5 30. Nd3 b5 31. Qg3 Qxg3+ 32. hxg3 b4 33. Nc5 Bc2 34. Rc1
Na3 35. Bd2 Be4 36. Nxe4 fxe4 37. Rc7+ Kg6 38. Ra7 Nb5 39. Rxa5 Nxd4 40. Bxb4
Nf3+ 41. Kg2 Nxe5 42. Bc3 Ng4 43. Ra6 Kf5 44. Rd6 e5 45. a4 Ne3+ 46. Kh3 d4 47.
Bxd4 exd4 48. Rxd4 Ke5 49. Rb4 Nd5 50. Rb8 Nc3 51. a5 Kd4 52. a6 e3 53. Rd8+
Nd5 54. a7 1-0

[Event "Niedersachsen 2-Bremen"]
[Site "Gladenbach"]
[Date "2011.09.17"]
[Round "7.4"]
[White "Rychlik, Kurt"]
[Black "Dietrich, Igor"]
[Result "1-0"]
[WhiteElo "1896"]
[BlackElo "1716"]
[PlyCount "120"]
[EventDate "2011.??.??"]
[WhiteTeam "Niedersachsen 2"]
[BlackTeam "Bremen"]

1. c4 Nf6 2. Nc3 c6 3. e4 d5 4. cxd5 cxd5 5. e5 d4 6. exf6 dxc3 7. bxc3 exf6 8.
Nf3 Nc6 9. d4 Bd6 10. Bd3 O-O 11. O-O Bg4 12. h3 Bd7 13. Qc2 g6 14. Re1 Qc8 15.
Bf1 Qc7 16. Bh6 Rfe8 17. Qd2 Bf8 18. Bxf8 Kxf8 19. c4 Rad8 20. d5 Ne5 21. Nxe5
Rxe5 22. Rab1 b6 23. Rxe5 fxe5 24. Qh6+ Kg8 25. Re1 f5 26. h4 Qd6 27. h5 Re8
28. Re3 Qf8 29. Qg5 Qe7 30. Qxe7 Rxe7 31. hxg6 hxg6 32. f4 e4 33. Kf2 Kf7 34.
Ra3 Be8 35. Ke3 Kf6 36. Kd4 g5 37. d6 Rd7 38. fxg5+ Ke6 39. c5 bxc5+ 40. Kxc5
Rxd6 41. Bc4+ Ke5 42. Rxa7 Rc6+ 43. Kb4 Bh5 44. Rh7 Bd1 45. Rh1 Bg4 46. Rh6 Rc7
47. g6 e3 48. Rh7 Rxc4+ 49. Kxc4 e2 50. Rh1 Kf6 51. a4 Kxg6 52. a5 f4 53. Kd4
Bc8 54. Ke4 Kg5 55. Kf3 Bg4+ 56. Kf2 Bc8 57. Rh8 Ba6 58. Rb8 Kg4 59. Rb6 Bc8
60. a6 e1=Q+ 1-0

[Event "Schleswig Holstein 2-Bayern 2"]
[Site "Gladenbach"]
[Date "2011.09.17"]
[Round "7.1"]
[White "Fischer, Gerd"]
[Black "Böhm, Eckart"]
[Result "1/2-1/2"]
[WhiteElo "2039"]
[BlackElo "1916"]
[PlyCount "71"]
[EventDate "2011.??.??"]
[WhiteTeam "Bayern 2"]
[BlackTeam "Schleswig Holstein 2"]

1. e4 Nf6 2. e5 Nd5 3. d4 d6 4. c4 Nb6 5. exd6 exd6 6. Bd3 Nc6 7. Be3 Be7 8.
Nd2 Bf6 9. Ngf3 Bg4 10. h3 Bh5 11. g4 Bg6 12. Bxg6 hxg6 13. g5 Be7 14. Qb3 Qd7
15. h4 Qf5 16. d5 Ne5 17. Nxe5 Qxe5 18. f4 Qf5 19. O-O-O O-O-O 20. Qc2 Qxc2+
21. Kxc2 Nd7 22. Rde1 Rde8 23. Nf3 c6 24. dxc6 bxc6 25. Rh2 Nb6 26. b3 c5 27.
Rhe2 Bd8 28. Bf2 Rxe2+ 29. Rxe2 Kd7 30. Kd3 Nc8 31. Be1 Ne7 32. a3 a5 33. b4
axb4 34. axb4 cxb4 35. Bxb4 Nf5 36. Rb2 1/2-1/2

[Event "Schleswig Holstein 2-Bayern 2"]
[Site "Gladenbach"]
[Date "2011.09.17"]
[Round "7.3"]
[White "Anliker, Peter"]
[Black "Meyer, Heinz"]
[Result "1/2-1/2"]
[WhiteElo "1868"]
[BlackElo "1852"]
[PlyCount "24"]
[EventDate "2011.??.??"]
[WhiteTeam "Bayern 2"]
[BlackTeam "Schleswig Holstein 2"]

1. d4 d5 2. Nf3 c6 3. c4 Bf5 4. Nc3 e6 5. e3 Nf6 6. Bd3 Bxd3 7. Qxd3 Nbd7 8.
O-O Bd6 9. e4 dxe4 10. Nxe4 Nxe4 11. Qxe4 Nf6 12. Qe2 h6 1/2-1/2

[Event "Mecklenburg VP 2-Mecklenburg VP 1"]
[Site "Gladenbach"]
[Date "2011.09.17"]
[Round "7.3"]
[White "Krüger, Gerhard"]
[Black "Krieg, Peter"]
[Result "1/2-1/2"]
[WhiteElo "1908"]
[BlackElo "1738"]
[PlyCount "22"]
[EventDate "2011.??.??"]
[WhiteTeam "Mecklenburg VP 1"]
[BlackTeam "Mecklenburg VP 2"]

1. e4 e5 2. Nf3 Nf6 3. Nxe5 d6 4. Nf3 Nxe4 5. Qe2 Qe7 6. d3 Nf6 7. Qxe7+ Bxe7
8. Be2 O-O 9. O-O Nc6 10. Bg5 Re8 11. Nc3 Be6 1/2-1/2

[Event "Mecklenburg VP 2-Mecklenburg VP 1"]
[Site "Gladenbach"]
[Date "2011.09.17"]
[Round "7.4"]
[White "Segebarth, Bernd"]
[Black "Kühn, Peter"]
[Result "1/2-1/2"]
[WhiteElo "1646"]
[BlackElo "1826"]
[PlyCount "20"]
[EventDate "2011.??.??"]
[WhiteTeam "Mecklenburg VP 2"]
[BlackTeam "Mecklenburg VP 1"]

1. e4 c5 2. Nf3 e6 3. d4 cxd4 4. Nxd4 Nf6 5. Nc3 d6 6. Be2 a6 7. O-O Be7 8. Kh1
Qc7 9. Bf3 Bd7 10. Be3 Nc6 1/2-1/2